| 000 -LEADER |
| fixed length control field |
00545nam a22002177a 4500 |
| 003 - CONTROL NUMBER IDENTIFIER |
| control field |
OSt |
| 005 - DATE AND TIME OF LATEST TRANSACTION |
| control field |
20210420062313.0 |
| 008 - FIXED-LENGTH DATA ELEMENTS--GENERAL INFORMATION |
| fixed length control field |
201126b1971 ||||| |||| 00| 0 eng d |
| 040 ## - CATALOGING SOURCE |
| Transcribing agency |
DLC |
| 041 ## - LANGUAGE CODE |
| Language code of text/sound track or separate title |
eng |
| 080 ## - UNIVERSAL DECIMAL CLASSIFICATION NUMBER |
| Universal Decimal Classification number |
616.8 |
| Item number |
W-81 |
| 100 ## - MAIN ENTRY--PERSONAL NAME |
| 9 (RLIN) |
388 |
| Personal name |
Wolf,K.John |
| 245 ## - TITLE STATEMENT |
| Title |
The classical brain stem syndromes |
| 260 ## - PUBLICATION, DISTRIBUTION, ETC. |
| Place of publication, distribution, etc. |
Florida |
| Name of publisher, distributor, etc. |
Thomas books |
| Date of publication, distribution, etc. |
1971 |
| 300 ## - PHYSICAL DESCRIPTION |
| Extent |
166 |
| Other physical details |
ill |
| 365 ## - TRADE PRICE |
| Price amount |
9.50 usd |
| 650 #0 - SUBJECT ADDED ENTRY--TOPICAL TERM |
| 9 (RLIN) |
100 |
| Topical term or geographic name entry element |
Neurology |
| 653 ## - INDEX TERM--UNCONTROLLED |
| Uncontrolled term |
ნევროლოგია |
| 653 ## - INDEX TERM--UNCONTROLLED |
| Uncontrolled term |
თავის ტვინი |
| 942 ## - ADDED ENTRY ELEMENTS (KOHA) |
| Source of classification or shelving scheme |
|
| Koha item type |
Books |